| 000 | 00970nam a2200289 4500 | ||
|---|---|---|---|
| 001 | 979872 | ||
| 003 | ARRUPE | ||
| 005 | 20160216095209.0 | ||
| 008 | 761005s1952 xx 000 0 eng d | ||
| 010 | _a 52011298 | ||
| 020 | _a9781475185928 | ||
| 035 | _a(OCoLC)ocm02482797 | ||
| 040 |
_aBJO _cBJO _dZCU |
||
| 041 | 1 | _aenglat | |
| 050 | _aB765.T54.G32 | ||
| 100 | 1 |
_aGarrigou-Lagrange, Réginald, _d1877-1964. _910338 |
|
| 245 | 1 | 4 |
_aThe Trinity and God the creator : _ba commentary on St. Thomas' Theological Summa, Ia, q. 27-119 / _cby Reginald Garrigou-Lagrange ; translated by Frederic C. Eckhoff. |
| 260 |
_aSti Ludovici _bEx Fontibus _c2012 |
||
| 300 |
_av, 675 p. ; _c24 cm. |
||
| 650 | 0 |
_aTrinity. _910339 |
|
| 650 | 0 |
_aThomas Aquinas, St. _xSumma theologica _910340 |
|
| 650 | 0 |
_aAngels _xChristianity _910341 |
|
| 650 | 0 |
_aCreation. _910342 |
|
| 650 | 0 |
_aThological anthropology _xChristianity _910343 |
|
| 942 |
_2lcc _cMONOGRAPH _01 |
||
| 999 |
_c120532 _d120532 |
||